A bowstring winter / (Record no. 131373)

MARC details
000 -LEADER
fixed length control field 00636nam a22002177a 4500
005 - DATE AND TIME OF LATEST TRANSACTION
control field 20170124110126.0
010 ## - LIBRARY OF CONGRESS CONTROL NUMBER
LC control number B-214173
020 ## - INTERNATIONAL STANDARD BOOK NUMBER
Terms of availability 295.00
International Standard Book Number 9780143061809
035 ## - SYSTEM CONTROL NUMBER
System control number B-214173
037 ## - SOURCE OF ACQUISITION
Source of stock number/acquisition Cen Lib/Ret
040 ## - CATALOGING SOURCE
Original cataloging agency DPL
Language of cataloging EN
082 ## - DEWEY DECIMAL CLASSIFICATION NUMBER
Classification number N
Item number HAZ
100 ## - MAIN ENTRY--PERSONAL NAME
Personal name Hazarika, Dhruba
9 (RLIN) 31611
245 ## - TITLE STATEMENT
Title A bowstring winter /
Statement of responsibility, etc by Dhruba Hazarika
260 ## - PUBLICATION, DISTRIBUTION, ETC. (IMPRINT)
Place of publication, distribution, etc New Delhi
Name of publisher, distributor, etc Penguin Books
Date of publication, distribution, etc 2006
270 ## - ADDRESS
Address 11 Community Centre, Panchsheel Park
City New Delhi
Postal code 110017
300 ## - PHYSICAL DESCRIPTION
Extent 343p.
Dimensions 19cm(pbk)
650 ## - SUBJECT ADDED ENTRY--TOPICAL TERM
Topical term or geographic name as entry element Indic fiction (English)
9 (RLIN) 6137
650 ## - SUBJECT ADDED ENTRY--TOPICAL TERM
Topical term or geographic name as entry element Fantasy fiction, Indic (English)
9 (RLIN) 28756
942 ## - ADDED ENTRY ELEMENTS (KOHA)
Source of classification or shelving scheme Dewey Decimal Classification
Koha item type English Books
Classification part N
Call number suffix HAZ
Holdings
Withdrawn status Lost status Damaged status Not for loan Home library Current library Date acquired Source of acquisition Cost, normal purchase price Total Checkouts Total Renewals Full call number Barcode Date last seen Date checked out Copy number Cost, replacement price Price effective from Koha item type
        Central Library Central Library 14/07/2015 Cen Lib/Ret 295.00 2 3 N HAZ B-214173 01/08/2025 25/06/2025 1 295.00 14/07/2015 English Books

© Delhi Public Library
Hit Counter
free hit counter